Understanding the theory and design of organizations (Record no. 60752)

MARC details
000 -LEADER
fixed length control field 00658nam a2200181 a 4500
008 - FIXED-LENGTH DATA ELEMENTS--GENERAL INFORMATION
fixed length control field 100323s2007 ||||||||||||||||| || u
020 ## - INTERNATIONAL STANDARD BOOK NUMBER
International Standard Book Number 0324422717
050 ## - LIBRARY OF CONGRESS CALL NUMBER
Classification number HD 31 Daf
100 ## - MAIN ENTRY--PERSONAL NAME
Personal name Daft, Richard L
245 10 - TITLE STATEMENT
Title Understanding the theory and design of organizations
260 ## - PUBLICATION, DISTRIBUTION, ETC.
Place of publication, distribution, etc. Mason, Ohio
Name of publisher, distributor, etc. Thomson/Southwestern
Date of publication, distribution, etc. 2007
300 ## - PHYSICAL DESCRIPTION
Extent xviii, 533p: ill.
350 ## - PRICE (NR) (BK AM CF MU VM SE) [OBSOLETE]
Price 0.00
650 ## - SUBJECT ADDED ENTRY--TOPICAL TERM
Topical term or geographic name entry element ORGANIZATION
650 ## - SUBJECT ADDED ENTRY--TOPICAL TERM
Topical term or geographic name entry element Organizational sociology--Case studies
650 #0 - SUBJECT ADDED ENTRY--TOPICAL TERM
Topical term or geographic name entry element MANAGEMENT
995 ## - RECOMMENDATION 995 [LOCAL, UNIMARC FRANCE]
-- 0.00
-- CBU-MAIN LIBRARY (Kitwe)
-- 1
-- 0.00
-- 1
-- AVAILABLE
-- May 14, 2010
-- Main Library Open Access Collection
Holdings
Withdrawn status Lost status Source of classification or shelving scheme Damaged status Not for loan Home library Current library Shelving location Date acquired Total Checkouts Full call number Barcode Date last seen Price effective from Koha item type
          CBU-MAIN LIBRARY, KITWE. CBU-MAIN LIBRARY, KITWE.   11/30/2022   HD 31 Daf 741225 11/30/2022 11/30/2022 MONOGRAPH